[Event "XXXVII Olimpiadi femminile"]
[Site "Torino ITA"]
[Date "2006.06.04"]
[Round "13.1"]
[White "Reizniece, Dana"]
[Black "Fierro Baquero, Martha Lorena"]
[Result "1-0"]
[WhiteElo "2287"]
[BlackElo "2294"]
[Annotator "LAT-ECU"]
[PlyCount "81"]
[EventDate "2006.05.21"]

1. c4 c5 2. Nf3 Nc6 3. Nc3 g6 4. g3 Bg7 5. Bg2 d6 6. O-O Nf6 7. d4 cxd4 8. Nxd4
Bd7 9. Nc2 O-O 10. b3 Qa5 11. Nd5 Nxd5 12. cxd5 Nb4 13. Bd2 Bxa1 14. Bxb4 Qb6
15. Qxa1 Rfc8 16. Qb2 Rxc2 17. Qxc2 Qxb4 18. Qc7 Bg4 19. Qxe7 Qb5 20. f3 Re8
21. Qxd6 Bc8 22. e4 Qe2 23. Qb4 Qxa2 24. Rc1 h5 25. Bf1 a6 26. Rc7 Qb1 27. Kf2
Qb2+ 28. Be2 h4 29. d6 hxg3+ 30. hxg3 Be6 31. Rxb7 Rc8 32. Rc7 Rd8 33. Ke3 a5
34. Qxa5 Qxb3+ 35. Rc3 Qb8 36. e5 Kg7 37. Qc7 Qa8 38. Qe7 Qa1 39. Qf6+ Kh7 40.
Rc7 Qa3+ 41. Kf2 1-0

[Event "XXXVII Olimpiadi femminile"]
[Site "Torino ITA"]
[Date "2006.06.04"]
[Round "13.2"]
[White "Moncayo Romero, Evelyn"]
[Black "Rogule, Laura"]
[Result "0-1"]
[WhiteElo "2261"]
[BlackElo "2309"]
[Annotator "LAT-ECU"]
[PlyCount "98"]
[EventDate "2006.05.21"]

1. e4 c5 2. Nf3 d6 3. d4 cxd4 4. Nxd4 Nf6 5. Nc3 a6 6. Be3 Ng4 7. Bc1 Nf6 8.
Be3 e6 9. f3 Be7 10. Qd2 O-O 11. g4 Nc6 12. O-O-O Nxd4 13. Bxd4 b5 14. g5 Nd7
15. Rg1 Bb7 16. h4 Rc8 17. Kb1 Ne5 18. Qe3 Nc4 19. Bxc4 Rxc4 20. b3 Rc6 21. h5
Qa5 22. Rg2 Rfc8 23. Rd3 Bf8 24. f4 Qc7 25. Qd2 b4 26. Nd5 exd5 27. exd5 Rc5
28. Bxc5 Qxc5 29. h6 g6 30. Re2 a5 31. Rd4 Ba6 32. Re3 Bb5 33. Rde4 Qc7 34. Kb2
Qd7 35. a3 bxa3+ 36. Kxa3 Qb7 37. c4 Bd7 38. Kb2 a4 39. Qc3 axb3 40. Qxb3 Qa7
41. Qa3 Rb8+ 42. Kc1 Qb6 43. Qa1 Bf5 44. Re8 Rxe8 45. Rxe8 Qg1+ 46. Kb2 Qd4+
47. Ka2 Qxc4+ 48. Ka3 Qa6+ 49. Kb2 Qb5+ 0-1

[Event "XXXVII Olimpiadi femminile"]
[Site "Torino ITA"]
[Date "2006.06.04"]
[Round "13.1"]
[White "Heinatz, Gundula"]
[Black "Bashkite, Viktoria"]
[Result "1/2-1/2"]
[WhiteElo "2277"]
[BlackElo "2205"]
[Annotator "SUI-EST"]
[PlyCount "61"]
[EventDate "2006.05.21"]

1. d4 Nf6 2. g3 d5 3. Bg2 c6 4. Nf3 Bg4 5. Ne5 Bf5 6. O-O Nbd7 7. c4 e6 8. Nc3
Bd6 9. f4 Ne4 10. cxd5 Nxc3 11. bxc3 exd5 12. Qb3 Qb6 13. Ba3 Qxb3 14. axb3
Bxa3 15. Rxa3 f6 16. Nd3 O-O 17. Nf2 Rfe8 18. Re1 Re3 19. Nd1 Re7 20. Kf2 Be4
21. Bxe4 Rxe4 22. e3 c5 23. Kf3 a6 24. Nf2 Re7 25. Nd3 Rc8 26. dxc5 Nxc5 27.
Nb4 Rd7 28. Rd1 Rcd8 29. Ke2 Kf7 30. Kd2 a5 31. Nd3 1/2-1/2

[Event "XXXVII Olimpiadi femminile"]
[Site "Torino ITA"]
[Date "2006.06.04"]
[Round "13.2"]
[White "Gansvind, Valeriya I."]
[Black "Seps, Monika"]
[Result "1/2-1/2"]
[WhiteElo "2267"]
[BlackElo "2247"]
[Annotator "SUI-EST"]
[PlyCount "151"]
[EventDate "2006.05.21"]

1. d4 Nf6 2. Nf3 g6 3. g3 Bg7 4. Bg2 O-O 5. O-O d6 6. c4 Nbd7 7. Nc3 e5 8. h3
Re8 9. Be3 c6 10. dxe5 dxe5 11. Qc1 Qc7 12. Rd1 Bf8 13. Nd2 Nh5 14. Nb3 f5 15.
Bh6 Be7 16. Bg5 Ndf6 17. Qc2 Be6 18. Nd2 Bf8 19. e4 Qg7 20. Nf3 f4 21. gxf4
Nxf4 22. Bxf4 exf4 23. Ne2 Qh6 24. e5 Bf5 25. Qd2 Nh5 26. Ned4 Bc8 27. Re1 Ng7
28. Nh2 Bxh3 29. Bxh3 Qxh3 30. Qxf4 Bc5 31. Ng4 Rf8 32. Nf6+ Kh8 33. Re3 Qc8
34. Qh4 Nh5 35. Rf3 Bxd4 36. Qxd4 Qe6 37. Rd1 Rf7 38. Re3 Raf8 39. Qh4 Nxf6 40.
exf6 Qxf6 41. Qxf6+ Rxf6 42. Re7 R8f7 43. Rxf7 Rxf7 44. Kg2 Kg7 45. Rd3 Kf6 46.
f3 Ke6 47. Re3+ Kf5 48. Kg3 Rd7 49. Re2 h5 50. b3 g5 51. Kg2 b6 52. Kf2 Rd3 53.
Kg2 Rd6 54. Kf2 Rd3 55. Kg2 g4 56. fxg4+ hxg4 57. Kf2 Kf4 58. c5 bxc5 59. Rc2
Rd5 60. Rc4+ Rd4 61. Rc2 c4 62. bxc4 c5 63. a4 Rd3 64. Rb2 Rc3 65. Rb7 Rc2+ 66.
Kf1 Kg3 67. Rxa7 Rxc4 68. a5 Ra4 69. a6 Ra1+ 70. Ke2 Kg2 71. Ra8 g3 72. a7 Ra3
73. Kd2 Kg1 74. Rg8 Rxa7 75. Rxg3+ Kf2 76. Rg5 1/2-1/2

[Event "XXXVII Olimpiadi femminile"]
[Site "Torino ITA"]
[Date "2006.06.04"]
[Round "13.3"]
[White "Hund, Barbara"]
[Black "Piarnpuu, Leili"]
[Result "1/2-1/2"]
[WhiteElo "2261"]
[BlackElo "2172"]
[Annotator "SUI-EST"]
[PlyCount "68"]
[EventDate "2006.05.21"]

1. e4 e5 2. Bc4 Nf6 3. d3 Nc6 4. Nc3 Na5 5. Nge2 Be7 6. Ng3 d6 7. Qe2 c6 8. a3
Nxc4 9. dxc4 Qc7 10. Bg5 h6 11. Bxf6 Bxf6 12. Nh5 Qe7 13. Qf3 Be6 14. b3 O-O-O
15. h3 Rhg8 16. g3 Kb8 17. Rd1 Bg5 18. h4 g6 19. hxg5 gxh5 20. Rxh5 Rxg5 21.
Rxg5 Qxg5 22. Qe3 Qxe3+ 23. fxe3 Kc7 24. Kf2 Rg8 25. Nb1 Rg6 26. Nd2 Bg4 27.
Rh1 Kd7 28. Kg2 Ke7 29. Rf1 h5 30. Kf2 Bh3 31. Rh1 Bg4 32. Rf1 Bh3 33. Rh1 Bg4
34. Rf1 Bh3 1/2-1/2

[Event "XXXVII Olimpiadi femminile"]
[Site "Torino ITA"]
[Date "2006.06.04"]
[Round "13.1"]
[White "Geldyeva, Mekhri"]
[Black "Isgandarova, Khayala Ilqar Qizi"]
[Result "1-0"]
[WhiteElo "2274"]
[BlackElo "2104"]
[Annotator "TKM-AZE"]
[PlyCount "119"]
[EventDate "2006.05.21"]

1. d4 Nf6 2. c4 g6 3. Nc3 Bg7 4. e4 d6 5. h3 O-O 6. Nf3 e5 7. d5 Nbd7 8. Bd3
Nh5 9. Bc2 a5 10. Be3 Nf4 11. Rh2 Nc5 12. Qd2 f5 13. O-O-O fxe4 14. Nxe4 Nxe4
15. Bxe4 Bf5 16. Bxf5 Rxf5 17. Ng1 Rf7 18. g3 Nh5 19. Ne2 Qd7 20. Nc3 a4 21.
Ne4 b5 22. c5 dxc5 23. Nxc5 Qd6 24. Ne4 Qa6 25. Kb1 Nf6 26. f3 Rd8 27. Bg5 Nxe4
28. fxe4 Bf6 29. Bh6 Bg7 30. Be3 Bf8 31. Rf2 Rxf2 32. Qxf2 Qd6 33. Rf1 Rd7 34.
h4 a3 35. Bc1 b4 36. Be3 axb2 37. Kxb2 b3 38. Ka1 bxa2 39. Rc1 Rf7 40. Qxa2 Qb4
41. Bd2 Qxe4 42. Bc3 Bd6 43. Re1 Qf5 44. Qe2 Qf3 45. Qxf3 Rxf3 46. Bxe5 Bxe5+
47. Rxe5 Rxg3 48. Re7 Rd3 49. Rd7 Rd4 50. Kb2 Rxh4 51. Rxc7 Rd4 52. Rd7 h5 53.
Kc3 Rd1 54. Kc2 Rg1 55. Ra7 h4 56. d6 Rf1 57. d7 Rf8 58. Rc7 h3 59. Rc8 h2 60.
Rxf8+ 1-0

[Event "XXXVII Olimpiadi femminile"]
[Site "Torino ITA"]
[Date "2006.06.04"]
[Round "13.2"]
[White "Umudova, Nargiz"]
[Black "Hallaeva, Bahar"]
[Result "1-0"]
[WhiteElo "2176"]
[BlackElo "2135"]
[Annotator "TKM-AZE"]
[PlyCount "71"]
[EventDate "2006.05.21"]

1. Nf3 Nf6 2. g3 b6 3. Bg2 Bb7 4. O-O e6 5. d3 Be7 6. e4 d6 7. Nc3 O-O 8. Ne1
Nfd7 9. f4 c5 10. Nf3 Nc6 11. Be3 a6 12. a4 Qc7 13. d4 cxd4 14. Nxd4 Nxd4 15.
Bxd4 Bf6 16. Bxf6 Nxf6 17. Qe2 d5 18. e5 Nd7 19. Rae1 Qc5+ 20. Kh1 Rfe8 21. Qd3
Qb4 22. f5 Nc5 23. Qd2 d4 24. f6 Bxg2+ 25. Kxg2 Nd7 26. Qg5 g6 27. Rf4 Kh8 28.
Rh4 Qf8 29. Ne4 Qg8 30. Nd6 Rec8 31. Nxc8 Rxc8 32. Rxd4 Rxc2+ 33. Kh3 Nb8 34.
Red1 Rc8 35. Qh6 Nc6 36. Rd6 1-0

[Event "XXXVII Olimpiadi femminile"]
[Site "Torino ITA"]
[Date "2006.06.04"]
[Round "13.1"]
[White "Ortiz, Nadya Karolina"]
[Black "Khoudgarian, Natalia"]
[Result "0-1"]
[WhiteElo "2184"]
[BlackElo "2123"]
[Annotator "COL-CAN"]
[PlyCount "128"]
[EventDate "2006.05.21"]

1. e4 e6 2. d4 d5 3. Nd2 Nf6 4. e5 Ne4 5. Nxe4 dxe4 6. Be3 c5 7. dxc5 Nd7 8.
Qg4 Nxc5 9. Bxc5 Bxc5 10. Qxg7 Qa5+ 11. c3 Rf8 12. O-O-O Bd7 13. Bc4 O-O-O 14.
Nh3 e3 15. fxe3 Bxe3+ 16. Kb1 Qc7 17. Bb3 Bc6 18. Rhe1 Rxd1+ 19. Bxd1 Rd8 20.
Bc2 Bd2 21. Rf1 Be8 22. Bxh7 Qc4 23. Qf6 Rd5 24. Bc2 Rxe5 25. Rd1 Rd5 26. Qf2
Bh6 27. Rxd5 Qxd5 28. b3 f5 29. Ng1 Bc6 30. Nf3 Bg7 31. Kb2 a5 32. a4 Qd6 33.
Nd4 Bxd4 34. Qxd4 Qxh2 35. Qc4 Kd7 36. Qd4+ Qd6 37. Qg7+ Qe7 38. Qh6 Kc7 39. g3
Qd6 40. Qg7+ Kb6 41. Qg6 Kc7 42. Qg5 Bd5 43. Qe3 Bc6 44. Bd3 Bd7 45. Bc4 e5 46.
Be2 f4 47. gxf4 exf4 48. Qd3 Qxd3 49. Bxd3 f3 50. Bf1 Kd6 51. Kc2 Ke5 52. Kd3
Kf4 53. Kd4 b6 54. Kd3 Be6 55. b4 Bb3 56. b5 Bxa4 57. c4 Bb3 58. Kd4 a4 59. Kc3
Ke3 60. Kb4 Kd4 61. Bh3 Bxc4 62. Kxa4 f2 63. Kb4 f1=Q 64. Bxf1 Bxf1 0-1

[Event "XXXVII Olimpiadi femminile"]
[Site "Torino ITA"]
[Date "2006.06.04"]
[Round "13.2"]
[White "Starr, Nava"]
[Black "Franco Valencia, Angela Maria"]
[Result "1-0"]
[WhiteElo "2169"]
[BlackElo "2076"]
[Annotator "COL-CAN"]
[PlyCount "147"]
[EventDate "2006.05.21"]

1. e4 e5 2. Nf3 Nc6 3. Nc3 Nf6 4. d4 exd4 5. Nxd4 Bb4 6. Nxc6 bxc6 7. Bd3 d5 8.
exd5 cxd5 9. O-O O-O 10. Bg5 c6 11. Qf3 Be7 12. h3 h6 13. Bf4 Be6 14. Ne2 c5
15. Ng3 Bd6 16. Bxd6 Qxd6 17. Rad1 Qb6 18. b3 a5 19. Rfe1 a4 20. Re2 d4 21. Nf5
Bxf5 22. Qxf5 Ra5 23. Bc4 Qb4 24. Rde1 Ra7 25. Re7 Rxe7 26. Rxe7 Qa3 27. Ra7
Qxa2 28. Rxa4 Qb1+ 29. Kh2 Qe1 30. Ra6 Qe7 31. Rc6 Nd7 32. f4 Rd8 33. Rc7 Qf6
34. Qxf6 gxf6 35. Bb5 Nb6 36. Rxc5 Nd5 37. Kg3 Ne3 38. Kf3 Rb8 39. Bd3 Rd8 40.
g4 Kg7 41. b4 Nd1 42. b5 Nc3 43. Bc4 Rd7 44. b6 Na4 45. Rc7 Nxb6 46. Rxd7 Nxd7
47. Ke4 Kf8 48. Kxd4 Ke7 49. Bd5 Nf8 50. c4 Ng6 51. Ke4 Nh4 52. c5 Ng2 53. c6
Nh4 54. Bxf7 Kd6 55. Bd5 Kc7 56. Ke3 Ng6 57. h4 Kd6 58. h5 Ne7 59. Bf3 Kc7 60.
Be4 Ng8 61. Kf3 Kd6 62. Kg3 Ke6 63. Kh4 Ne7 64. g5 fxg5+ 65. fxg5 hxg5+ 66.
Kxg5 Nxc6 67. Kg6 Ne5+ 68. Kg7 Ng4 69. Bf3 Ne3 70. Kg6 Ke7 71. h6 Nc4 72. h7
Ne5+ 73. Kg7 Nf7 74. Bd5 1-0

[Event "XXXVII Olimpiadi femminile"]
[Site "Torino ITA"]
[Date "2006.06.04"]
[Round "13.3"]
[White "Palao, Maricela"]
[Black "Khaziyeva, Dinara"]
[Result "1-0"]
[WhiteElo "2152"]
[BlackElo "2103"]
[Annotator "COL-CAN"]
[PlyCount "85"]
[EventDate "2006.05.21"]

1. d4 c5 2. d5 e6 3. c4 exd5 4. cxd5 d6 5. Nc3 g6 6. e4 a6 7. a4 Bg7 8. f4 Bd4
9. Nf3 Bg4 10. Be2 Bxf3 11. Bxf3 Nd7 12. Qe2 Qf6 13. Ra3 Ne7 14. g3 O-O 15. Kf1
Rfe8 16. Qd3 Rab8 17. a5 Rec8 18. Bg4 Ne5 19. Qe2 Nxg4 20. Qxg4 b5 21. axb6
Rxb6 22. Kg2 Rcb8 23. Qe2 Bxc3 24. Rxc3 Rb3 25. Rxb3 Rxb3 26. Rd1 Rb4 27. e5
dxe5 28. Qxe5 Qxe5 29. fxe5 Kf8 30. d6 Nc6 31. Bh6+ Kg8 32. d7 Rxb2+ 33. Kh3
Rb8 34. Rd6 Nd8 35. Rxa6 Ne6 36. Rxe6 fxe6 37. Bg5 c4 38. d8=Q+ Rxd8 39. Bxd8
c3 40. Bg5 Kg7 41. Kg4 h6 42. Bc1 c2 43. Kf3 1-0

[Event "XXXVII Olimpiadi femminile"]
[Site "Torino ITA"]
[Date "2006.06.04"]
[Round "13.1"]
[White "Delai, Paula Fernanda"]
[Black "Aketayeva, Dana"]
[Result "1/2-1/2"]
[WhiteElo "2042"]
[BlackElo "2328"]
[Annotator "BRA-KAZ"]
[PlyCount "125"]
[EventDate "2006.05.21"]

1. d4 Nf6 2. Nf3 e6 3. e3 Be7 4. Bd3 b6 5. Qe2 d5 6. Nbd2 Bb7 7. e4 dxe4 8.
Nxe4 Nbd7 9. O-O O-O 10. c3 c5 11. dxc5 Nxc5 12. Nxc5 Bxc5 13. Bg5 Be7 14. Rad1
Qc7 15. Rd2 Rad8 16. Rfd1 Bd5 17. c4 Bc6 18. Ne5 Ba8 19. Bb1 Qb7 20. f3 Qc7 21.
Rxd8 Rxd8 22. Rxd8+ Qxd8 23. Qd3 Bc5+ 24. Kf1 Qd4 25. Qxd4 Bxd4 26. Nd3 e5 27.
b3 Nd7 28. Ke2 f5 29. Be3 Bxe3 30. Kxe3 Kf7 31. b4 Ke6 32. Bc2 Bc6 33. Bb3 Kd6
34. Ne1 g5 35. g3 h5 36. Bc2 Ke6 37. f4 exf4+ 38. gxf4 g4 39. Bd3 Be4 40. Bxe4
fxe4 41. Kxe4 Nf6+ 42. Kd4 h4 43. Ke3 h3 44. Kf2 Kf5 45. Nd3 Ke4 46. Ke2 Kd4
47. c5 bxc5 48. bxc5 Kd5 49. Kf2 Ke4 50. Ke2 Nd5 51. c6 Nc7 52. Nc5+ Kxf4 53.
Kf2 Kf5 54. Kg3 Nd5 55. Na6 Nf6 56. c7 Ne4+ 57. Kh4 Nd6 58. Nc5 Kf4 59. Nd3+
Kf3 60. Ne5+ Kg2 61. Nxg4 Nc8 62. Kg5 Kf3 63. Kh4 1/2-1/2

[Event "XXXVII Olimpiadi femminile"]
[Site "Torino ITA"]
[Date "2006.06.04"]
[Round "13.2"]
[White "Zigangirova, Sofya"]
[Black "Chaves, Joara"]
[Result "1-0"]
[WhiteElo "2314"]
[BlackElo "2035"]
[Annotator "BRA-KAZ"]
[PlyCount "81"]
[EventDate "2006.05.21"]

1. e4 e5 2. Nf3 Nc6 3. Bb5 a6 4. Ba4 Nf6 5. O-O Be7 6. Re1 b5 7. Bb3 d6 8. c3
O-O 9. h3 Na5 10. Bc2 c5 11. d4 Nd7 12. Nbd2 cxd4 13. cxd4 Nc6 14. Nb3 a5 15.
Be3 a4 16. Nbd2 Bf6 17. d5 Nb4 18. Bb1 Na6 19. Bd3 Qa5 20. Qe2 Rb8 21. a3 Nac5
22. Reb1 Nxd3 23. Qxd3 Nc5 24. Qc2 Qc7 25. Rc1 Be7 26. Nxe5 Bb7 27. Nd3 Rbc8
28. b4 axb3 29. Nxb3 f5 30. f3 fxe4 31. fxe4 Rfe8 32. Ndxc5 Bf6 33. Rab1 dxc5
34. Bxc5 Qg3 35. Qf2 Qxf2+ 36. Bxf2 Rxe4 37. Nc5 Bg5 38. Rd1 Rxc5 39. Bxc5 Re5
40. Rxb5 Bxd5 41. Bf2 1-0

[Event "XXXVII Olimpiadi femminile"]
[Site "Torino ITA"]
[Date "2006.06.04"]
[Round "13.3"]
[White "Chang, Suzana"]
[Black "Dauletova, Gulmira"]
[Result "1-0"]
[WhiteElo "2091"]
[BlackElo "2144"]
[Annotator "BRA-KAZ"]
[PlyCount "117"]
[EventDate "2006.05.21"]

1. e4 c5 2. Nf3 d6 3. d4 cxd4 4. Qxd4 Nc6 5. Bb5 Bd7 6. Bxc6 bxc6 7. b3 e5 8.
Qd3 Nf6 9. c4 Be7 10. O-O O-O 11. Nc3 Be6 12. Ng5 d5 13. Nxe6 fxe6 14. Qe2 Bb4
15. Bb2 Bxc3 16. Bxc3 Nxe4 17. Bxe5 Rf5 18. Bb2 Qh4 19. f3 Ng5 20. Rad1 Raf8
21. Qe3 Qh6 22. Qxa7 Qg6 23. Kh1 Ne4 24. Rfe1 Ng5 25. Ba3 Rc8 26. Qd7 Qe8 27.
Qxe8+ Rxe8 28. cxd5 cxd5 29. Bc5 h5 30. h4 Nh7 31. Kh2 Nf6 32. b4 e5 33. a4 Kf7
34. a5 e4 35. fxe4 dxe4 36. Kg1 Re6 37. Rd6 Rxd6 38. Bxd6 Ke6 39. Bc5 Kd7 40.
a6 Kc6 41. a7 Kb7 42. Rd1 Nd5 43. Rf1 g6 44. g3 Nc7 45. Bd6 Nb5 46. Bf4 Rf7 47.
Be3 Rf5 48. Rd1 Rf8 49. Rd7+ Kc6 50. Rg7 Nc3 51. Rxg6+ Kb5 52. Rb6+ Kc4 53. Rb8
Rf3 54. Bf2 Nd1 55. a8=Q Nxf2 56. Qc6+ Kb3 57. Qd5+ Kb2 58. Qd4+ Kb3 59. Qxf2
1-0

[Event "XXXVII Olimpiadi femminile"]
[Site "Torino ITA"]
[Date "2006.06.04"]
[Round "13.1"]
[White "Lujan, Carolina Maria"]
[Black "Tilenbaeva, Janyl"]
[Result "1-0"]
[WhiteElo "2378"]
[BlackElo "2051"]
[Annotator "ARG-KGZ"]
[PlyCount "77"]
[EventDate "2006.05.21"]

1. e4 c6 2. c4 d5 3. cxd5 cxd5 4. exd5 Nf6 5. Bb5+ Bd7 6. Bc4 Qa5 7. Qb3 b5 8.
Be2 Na6 9. Nf3 Nc5 10. Qe3 Rc8 11. b4 Nxd5 12. bxa5 Nxe3 13. dxe3 Nb3 14. axb3
Rxc1+ 15. Bd1 Bf5 16. Kd2 Rxb1 17. Rxb1 Bxb1 18. Be2 Bg6 19. Bxb5+ Kd8 20. Kc3
e6 21. Rd1+ Ke7 22. Rd7+ Kf6 23. Rxa7 Bd6 24. Ra6 Bc7 25. b4 Rc8 26. Rc6 Be4
27. Rc5 Bxf3 28. gxf3 Ke7 29. Ba6 Be5+ 30. Kc4 Rc7 31. f4 Bd6 32. Rxc7+ Bxc7
33. Bb7 Kd7 34. Kb5 Bd8 35. Ka6 Bh4 36. b5 Bxf2 37. Bc6+ Kc7 38. b6+ Kb8 39.
Kb5 1-0

[Event "XXXVII Olimpiadi femminile"]
[Site "Torino ITA"]
[Date "2006.06.04"]
[Round "13.2"]
[White "Samaganova, Alexandra"]
[Black "Burijovich, Liliana"]
[Result "1/2-1/2"]
[WhiteElo "2087"]
[BlackElo "2204"]
[Annotator "ARG-KGZ"]
[PlyCount "97"]
[EventDate "2006.05.21"]

1. c4 Nf6 2. Nc3 g6 3. g3 Bg7 4. Bg2 O-O 5. e4 d6 6. Nge2 e5 7. d3 Nc6 8. O-O
Be6 9. h3 Qd7 10. Kh2 Nh5 11. g4 Nf6 12. Ng3 Nd4 13. Be3 c6 14. Qd2 Ne8 15. f4
f5 16. exf5 gxf5 17. g5 Nc7 18. Qf2 Rad8 19. Rad1 b5 20. b3 exf4 21. Bxf4 b4
22. Nce2 Nxe2 23. Nxe2 d5 24. Qxa7 Rf7 25. Qb6 Ra8 26. Qxb4 Rxa2 27. Rd2 Na6
28. Qb6 Ra3 29. Rb1 Qc8 30. Qe3 Rb7 31. Be5 Bxe5+ 32. Qxe5 Qc7 33. Qxc7 Nxc7
34. Nd4 Bd7 35. b4 Kf7 36. b5 cxb5 37. Nxb5 Bxb5 38. cxb5 Rxb5 39. Rxb5 Nxb5
40. Bxd5+ Kg6 41. h4 Kh5 42. Kh3 Kg6 43. Bc6 Nd6 44. Bf3 h6 45. gxh6 Kxh6 46.
Kg3 Ne4+ 47. dxe4 fxe4 48. Rf2 exf3 49. Rxf3 1/2-1/2

[Event "XXXVII Olimpiadi femminile"]
[Site "Torino ITA"]
[Date "2006.06.04"]
[Round "13.3"]
[White "Sarquis, Maria Belen"]
[Black "Ostry, Irina"]
[Result "1-0"]
[WhiteElo "2153"]
[BlackElo "2182"]
[Annotator "ARG-KGZ"]
[PlyCount "115"]
[EventDate "2006.05.21"]

1. e4 c6 2. d4 g6 3. Nc3 Bg7 4. f4 d5 5. e5 Nh6 6. Nf3 Bg4 7. Be2 O-O 8. O-O
Bxf3 9. Bxf3 f6 10. Kh1 fxe5 11. fxe5 Nf5 12. Bg4 e6 13. Bxf5 Rxf5 14. Rxf5
exf5 15. Qf3 Na6 16. Be3 Nc7 17. Rf1 Qe7 18. Ne2 Ne6 19. Qh3 Rf8 20. c3 Qd8 21.
Nf4 Nxf4 22. Rxf4 h5 23. Rf3 Re8 24. Qg3 Re6 25. Qf4 a5 26. h3 c5 27. Bf2 Qf8
28. Be3 cxd4 29. Bxd4 Bh6 30. Qh4 Qe8 31. g4 g5 32. Qxh5 Qxh5 33. gxh5 f4 34.
Kg2 Re8 35. Rf1 Kf7 36. Kf3 Ke6 37. Kg4 b5 38. Ra1 a4 39. a3 Rf8 40. Rb1 f3 41.
Rf1 Rf4+ 42. Kg3 Rh4 43. Rxf3 Bg7 44. Re3 Rxh5 45. Kg4 Rh8 46. Rf3 Rh4+ 47.
Kxg5 Re4 48. Re3 Rxe3 49. Bxe3 Bxe5 50. Bd4 Bg3 51. h4 Be1 52. h5 Bd2+ 53. Kg6
Bc1 54. h6 Bxh6 55. Kxh6 Kf5 56. Kg7 Ke4 57. Kf6 Kd3 58. Ke5 1-0

[Event "XXXVII Olimpiadi femminile"]
[Site "Torino ITA"]
[Date "2006.06.04"]
[Round "13.2"]
[White "Lindiawati, Evi"]
[Black "Kopinits, Anna-Christina"]
[Result "1-0"]
[WhiteElo "2145"]
[BlackElo "2078"]
[Annotator "AUT-INA"]
[PlyCount "71"]
[EventDate "2006.05.21"]

1. e4 c5 2. Nf3 Nc6 3. d4 cxd4 4. Nxd4 Nf6 5. Nc3 e5 6. Ndb5 d6 7. Bg5 a6 8.
Na3 b5 9. Nd5 Be7 10. Bxf6 Bxf6 11. c3 O-O 12. Nc2 Bg5 13. h4 Bh6 14. g4 Bf4
15. Qf3 Bb7 16. Be2 Ne7 17. Nxf4 exf4 18. Qxf4 d5 19. O-O-O Qb6 20. Qe3 Qc7 21.
Bf3 Rfe8 22. h5 dxe4 23. Bxe4 Nf5 24. gxf5 Bxe4 25. Rhe1 Bc6 26. Qg3 Qxg3 27.
fxg3 Bf3 28. Rd4 f6 29. g4 h6 30. Kd2 Re5 31. Re3 Bg2 32. Rd6 a5 33. Nd4 Rb8
34. Ne6 Rd5+ 35. Rd3 Rxd6 36. Rxd6 1-0

[Event "XXXVII Olimpiadi femminile"]
[Site "Torino ITA"]
[Date "2006.06.04"]
[Round "13.2"]
[White "Hernandez, Zaida"]
[Black "Dymshits, Galina"]
[Result "1/2-1/2"]
[WhiteElo "2046"]
[BlackElo "2048"]
[Annotator "IPCA-VEN"]
[PlyCount "99"]
[EventDate "2006.05.21"]

1. e4 c5 2. Nf3 d6 3. d4 cxd4 4. Nxd4 Nf6 5. Nc3 a6 6. Bg5 e6 7. f4 Qb6 8. Qd2
Qxb2 9. Nb3 Qa3 10. Be2 Nbd7 11. O-O Be7 12. Bf3 O-O 13. Qd4 e5 14. Qe3 h6 15.
Bxf6 Nxf6 16. fxe5 dxe5 17. Nd5 Nxd5 18. exd5 Bf6 19. Be4 Qd6 20. c4 Bg5 21.
Qf2 b6 22. Kh1 Bd7 23. c5 bxc5 24. Qxc5 Be7 25. Rac1 Rac8 26. Qxd6 Bxd6 27. Bd3
Bb5 28. Bxb5 axb5 29. Rc6 Rfd8 30. Rd1 Rxc6 31. dxc6 Kf8 32. Nc5 Bc7 33. Rxd8+
Bxd8 34. Na6 Ke8 35. c7 Kd7 36. cxd8=Q+ Kxd8 37. Kg1 Kd7 38. Kf2 Kc6 39. Ke3
Kd5 40. Nc7+ Kc6 41. Ne8 g6 42. Ke4 Kd7 43. Nf6+ Ke6 44. Ne8 f5+ 45. Ke3 Kd7
46. Nf6+ Ke6 47. Ne8 Kd7 48. Nf6+ Ke6 49. Ne8 Kd7 50. Nf6+ 1/2-1/2

[Event "XXXVII Olimpiadi femminile"]
[Site "Torino ITA"]
[Date "2006.06.04"]
[Round "13.1"]
[White "Titova-Boric, Elena"]
[Black "Ptacnikova, Lenka"]
[Result "0-1"]
[WhiteElo "2284"]
[BlackElo "2183"]
[Annotator "BIH-ISL"]
[PlyCount "74"]
[EventDate "2006.05.21"]

1. d4 Nf6 2. Nf3 e6 3. Bf4 b6 4. e3 Bb7 5. Bd3 c5 6. O-O Be7 7. h3 O-O 8. c3 d6
9. Qe2 cxd4 10. exd4 Nbd7 11. Nbd2 Re8 12. Bb5 a6 13. Ba4 b5 14. Bb3 Nb6 15.
Rfe1 Bd5 16. Bc2 Qd7 17. Bg5 Nc4 18. b3 Nxd2 19. Nxd2 Bb7 20. Bxf6 Bxf6 21. Ne4
Be7 22. Qd3 g6 23. Re3 Rac8 24. Rae1 Qc6 25. Rg3 f5 26. Nd2 Bh4 27. Rf3 e5 28.
d5 Qc5 29. b4 Qb6 30. g3 Bg5 31. Rxf5 gxf5 32. Qxf5 Re7 33. Qxg5+ Rg7 34. Qf5
Rf8 35. Qe6+ Kh8 36. Ne4 Rxg3+ 37. Kh2 Rg6 0-1

[Event "XXXVII Olimpiadi femminile"]
[Site "Torino ITA"]
[Date "2006.06.04"]
[Round "13.2"]
[White "Thorsteinsdottir, Gudlaug"]
[Black "Dengler, Dijana"]
[Result "1-0"]
[WhiteElo "2138"]
[BlackElo "2144"]
[Annotator "BIH-ISL"]
[PlyCount "79"]
[EventDate "2006.05.21"]

1. d4 d5 2. c4 e6 3. Nc3 Bb4 4. Nf3 Nf6 5. Qa4+ Nc6 6. Ne5 Bd7 7. Nxd7 Qxd7 8.
e3 Ne4 9. Qc2 f5 10. f3 Nf6 11. a3 Be7 12. Bd2 a6 13. Bd3 g6 14. O-O-O O-O-O
15. Kb1 Kb8 16. cxd5 exd5 17. Na4 Rhe8 18. g3 Bd6 19. Rc1 Na7 20. Ka2 Re6 21.
b4 Bf8 22. Nc5 Bxc5 23. bxc5 Ka8 24. Rb1 Rb8 25. Rb2 b5 26. Rhb1 c6 27. Ka1 Rb7
28. a4 Kb8 29. Bf1 Nc8 30. Qc3 Qd8 31. Bg2 h5 32. Ra2 Nd7 33. Bf1 Qf6 34. e4
fxe4 35. Bf4+ Ka8 36. axb5 cxb5 37. fxe4 Rxe4 38. c6 Ra7 39. cxd7 Nb6 40. Qc8+
1-0

[Event "XXXVII Olimpiadi femminile"]
[Site "Torino ITA"]
[Date "2006.06.04"]
[Round "13.1"]
[White "Vovk, Oksana"]
[Black "Guerrero Rodriguez, Alejandra"]
[Result "1/2-1/2"]
[WhiteElo "2164"]
[BlackElo "2157"]
[Annotator "DEN-MEX"]
[PlyCount "36"]
[EventDate "2006.05.21"]

1. Nf3 Nf6 2. c4 d6 3. d4 g6 4. Nc3 Bg7 5. Bg5 O-O 6. e3 c5 7. Be2 a6 8. O-O
Nc6 9. d5 Na5 10. e4 Bg4 11. Nd2 Bxe2 12. Qxe2 Nd7 13. f4 b5 14. Rab1 bxc4 15.
Nxc4 Nxc4 16. Qxc4 Nb6 17. Qe2 Qd7 18. Rfd1 Bd4+ 1/2-1/2

[Event "XXXVII Olimpiadi femminile"]
[Site "Torino ITA"]
[Date "2006.06.04"]
[Round "13.2"]
[White "Carreras Mendiolea, Paulina Adria"]
[Black "De Blecourt Dalsberg, Sandra"]
[Result "0-1"]
[WhiteElo "1935"]
[BlackElo "2077"]
[Annotator "DEN-MEX"]
[PlyCount "96"]
[EventDate "2006.05.21"]

1. e4 d5 2. exd5 Qxd5 3. Nc3 Qa5 4. d4 Nf6 5. h3 c6 6. Bc4 Bf5 7. Nf3 e6 8. O-O
Bd6 9. Re1 O-O 10. Ne5 Nbd7 11. Qe2 Qc7 12. Bg5 b5 13. Bb3 b4 14. Nxd7 Nxd7 15.
Ne4 h6 16. Nxd6 Qxd6 17. Bh4 a5 18. c3 a4 19. Bg3 Qe7 20. Bc2 Bxc2 21. Qxc2 Nf6
22. Bh4 g5 23. Bg3 Rfd8 24. Qe2 bxc3 25. bxc3 c5 26. dxc5 Qxc5 27. Be5 Qe7 28.
Rab1 Nd5 29. c4 Nf4 30. Bxf4 gxf4 31. Rb5 Rd4 32. Reb1 Rc8 33. Qg4+ Kh7 34. Rb7
Rc7 35. Rb8 Qg5 36. Qxg5 hxg5 37. R8b7 Rdxc4 38. R7b5 Kg6 39. Ra5 Rc1+ 40. Rxc1
Rxc1+ 41. Kh2 Rc4 42. Kg1 f6 43. Kf1 Rc1+ 44. Ke2 Rc2+ 45. Kf3 Rxa2 46. Ra6 Kf5
47. Ra5+ e5 48. Ra6 e4# 0-1

[Event "XXXVII Olimpiadi femminile"]
[Site "Torino ITA"]
[Date "2006.06.04"]
[Round "13.3"]
[White "Bekker-Jensen, Anne"]
[Black "Estrada Gaspar, Nelly Massiel"]
[Result "0-1"]
[WhiteElo "2015"]
[BlackElo "2029"]
[Annotator "DEN-MEX"]
[PlyCount "84"]
[EventDate "2006.05.21"]

1. d4 Nf6 2. c4 e6 3. Nc3 Bb4 4. e3 Bxc3+ 5. bxc3 d6 6. Bd3 e5 7. Qc2 O-O 8.
Ne2 Re8 9. Ng3 Nc6 10. O-O b6 11. Bd2 Ba6 12. d5 Na5 13. c5 Bxd3 14. Qxd3 dxc5
15. e4 c4 16. Qf3 Nb7 17. Bg5 h6 18. Bxf6 Qxf6 19. Qxf6 gxf6 20. Nh5 Re7 21.
Nxf6+ Kg7 22. Nh5+ Kg6 23. Ng3 Nd6 24. f4 exf4 25. Rxf4 Rae8 26. Raf1 Re5 27.
Rf6+ Kg7 28. R6f4 R8e7 29. a4 Nxe4 30. Nf5+ Rxf5 31. Rxf5 Nxc3 32. R1f3 Ne2+
33. Kf2 c3 34. Rxf7+ Rxf7 35. Rxf7+ Kxf7 36. Kxe2 Kf6 37. Kd3 Ke5 38. Kxc3 Kxd5
39. Kd3 c5 40. g4 Ke5 41. Ke3 a6 42. h4 b5 0-1